00353nam a2200133Ia 4500008004100000020001800041041000800059082001700067100002400084245004400108250000600152260004800158300001300206210716s2010 xx 000 0 und d a9780849346330 aeng a005.368 KANR aKandt, Ronald Kirk. aSoftware engineering quality practices. a1 aNew DelhibYes Dee Publishing Pvt Ltdc2010 axxii,255